| 000 | 00746cab a2200241 4500 | ||
|---|---|---|---|
| 001 | ABS45823 | ||
| 008 | 090401t1992 xxu||||| |||| 00| 0 eng d | ||
| 035 | _a(Sirsi) u55253 | ||
| 041 | _aeng | ||
| 100 | _aManns, D. | ||
| 245 | _aArtificial slates - some cause for concern | ||
| 260 | _c1992 | ||
| 350 | _a0 | ||
| 490 |
_aCSM (Chartered Surveyor Monthly) _v1(6) March 1992, 11(1) |
||
| 520 | _aDiscusses some of the concerns that have arisen since artificial slates replaced asbestos cement tiles. | ||
| 650 | _aARTIFICIAL SLATES | ||
| 650 | _aASBESTOS CEMENT | ||
| 650 | _aBUILT ENVIRONMENT-BUILDING MATERIALS | ||
| 650 | _aLIFE EXPECTANCY | ||
| 690 | _aBUILT ENVIRONMENT-BUILDING MATERIALS | ||
| 942 | _n0 | ||
| 948 | _c04/03/1997 | ||
| 999 |
_c33752 _d33752 |
||